000 00308 a2200145 4500
001 60076
020 _a8589155455
040 _cAnchieta - Pituba
100 _aGuimarães, Bernardo
240 1 0 _aO garimpeiro
_lpor
245 1 0 _aO garimpeiro
300 _a80
650 4 _aFicção brasileira
942 _cBK
999 _c60076
_d60076